000 00434nam a2200133Ia 4500
008 220217s9999 xx 000 0 und d
100 _aJulie Mathew
245 0 _aDetection of genetic variability among five Phytophthora isolates from different rubber growing areas of Kerala
260 _bPeriyar University
_a Salem
_c2002
500 _aAvailable in Pathology
500 _aCourse: M.Sc.
700 _aDr Shaji Philip
942 _cTS
999 _c74431
_d74431